00429nam a2200181Ia 4500003000400000005001700004008004000021040000700061041000800068082001600076100001500092245004100107250000800148260005200156300000900208650001400217700001600231OSt20250703093326.0210210b2002 xxu||||| |||| 00| 0 eng d cAL aeng a510.02 KHAM aKhanna M L aMathematics for IIT 2001-2002 Ed 129 a129 aMeerut.bJai Prakasha Nath Publications.,c2002 a1592 aIIT Maths aSharma, J N